|
|
|
|
| LEADER |
00000nam0a2200000 4500 |
| 001 |
63567 |
| 005 |
20231031064417.0 |
| 010 |
|
|
|a 5283045404
|
| 035 |
|
|
|a (RuTPU)RU\TPU\book\67460
|
| 035 |
|
|
|a RU\TPU\book\53385
|
| 090 |
|
|
|a 63567
|
| 100 |
|
|
|a 20040517d1994 k y0rusy50 ca
|
| 101 |
0 |
|
|a rus
|
| 102 |
|
|
|a ru
|
| 105 |
|
|
|a a z 001zy
|
| 200 |
1 |
|
|a Технология сжигания топлива в пылеугольных котлах
|f И. Н. Шницер
|
| 210 |
|
|
|a СПб.
|c Энергоатомиздат
|d 1994
|
| 215 |
|
|
|a 282 с.
|c ил.
|
| 320 |
|
|
|a Библиогр.: с. 273-280
|
| 610 |
1 |
|
|a топливо
|
| 610 |
1 |
|
|a пылеугольные котлы
|
| 610 |
1 |
|
|a сжигание
|
| 610 |
1 |
|
|a технология
|
| 610 |
1 |
|
|a топочные камеры
|
| 610 |
1 |
|
|a горелочные устройства
|
| 610 |
1 |
|
|a антрациты
|
| 610 |
1 |
|
|a твердое топливо
|
| 675 |
|
|
|a 621.311.22.002.5:621.182.2-66
|v 3
|
| 700 |
|
1 |
|a Шницер
|b И. Н.
|g Иосиф Наумович
|
| 801 |
|
2 |
|a RU
|b 63413507
|c 20100716
|g PSBO
|
| 900 |
|
|
|a Технология сжигания органических топлив
|
| 942 |
|
|
|c BK
|